Subdivisiones de la Península Ibérica en un mapa - Estadísticas

Estadísticas generales
  • Esta prueba ha sido intentada 36 veces
  • La puntuación promedio es 46 de 84
Respuestas en el mapa
Las respuestas están codificadas por una escala verde-roja en el mapa de la prueba según el % correcto abajo.
 
Estadísticas de respuestas
Respuesta % Correcto
Barcelona
94%
Gerona
94%
Zaragoza
94%
Gibraltar
91%
Huesca
91%
Lisboa
91%
Madrid
91%
Teruel
91%
Valencia
91%
Albacete
88%
Alicante
88%
Badajoz
88%
Cádiz
88%
Córdoba
88%
La Coruña
88%
La Rioja
88%
Lérida
88%
Navarra
88%
Segovia
88%
Sevilla
88%
Soria
88%
Tarragona
88%
Almería
84%
Asturias
84%
Cáceres
84%
Cantabria
84%
Castellón
84%
Ciudad Real
84%
Granada
84%
Guadalajara
84%
Huelva
84%
Jaén
84%
León
84%
Lugo
84%
Murcia
84%
Salamanca
84%
Toledo
84%
Valladolid
84%
Burgos
81%
Cuenca
81%
Málaga
81%
Orense
81%
Palencia
81%
Pontevedra
81%
Zamora
81%
Álava
78%
Ávila
78%
Vizcaya
78%
Guipúzcoa
75%
Oporto
72%
Algarve
56%
Andorra la Vieja
41%
Ave
25%
La Massana
22%
Canillo
19%
Pirineos Atlánticos
19%
Pirineos Orientales
19%
Encamp
16%
Ordino
16%
Altos Pirineos
13%
Alto Alentejo
9%
Alto Garona
9%
Duero
9%
Alto Miño
6%
Ariège
6%
Bajo Alentejo
6%
Beira Baja
6%
Oeste
6%
Tajo Medio
6%
Alentejo Central
3%
Alentejo Litoral
3%
Alto Támega
3%
Aude
3%
Beiras y Sierra de la Estrella
3%
Cávado
3%
Las Escaldas-Engordany
3%
Llanura del Tajo
3%
Región de Aveiro
3%
Región de Coímbra
3%
Región de Leiria
3%
San Juan de Loria
3%
Támega y Sousa
3%
Tierras de Trás-os-Montes
3%
Viseu Dão-Lafões
3%
No se encontraron pruebas coincidentes
Distribución de puntuación
Porcentaje de gente con cada puntuación
Porcentaje por número respondido
Historial de tus puntuaciones
No has intentado esta prueba.